All Czech Goalie Starters At WC - Statistics

General Stats
  • This quiz has been taken 2 times
  • The average score is 17 of 31
Answer Stats
Year Name % Correct
2017 Petr Mrázek
100%
2003 Tomáš Vokoun
100%
2004 Tomáš Vokoun
100%
2005 Tomáš Vokoun
100%
2010 Tomáš Vokoun
100%
2012 Jakub Kovář
50%
2009 Jakub Štepánek
50%
2022 Karel Vejmelka
50%
2023 Karel Vejmelka
50%
2024 Lukáš Dostál
50%
1998 Milan Hnilička
50%
1999 Milan Hnilička
50%
2001 Milan Hnilička
50%
2002 Milan Hnilička
50%
2006 Milan Hnilička
50%
2008 Milan Hnilička
50%
2011 Ondřej Pavelec
50%
2013 Ondřej Pavelec
50%
2015 Ondřej Pavelec
50%
2016 Pavel Francouz
50%
2018 Pavel Francouz
50%
1993 Petr Bříza
50%
1994 Petr Bříza
50%
1997 Roman Čechmánek
50%
2000 Roman Čechmánek
50%
2007 Roman Čechmánek
50%
1995 Roman Turek
50%
1996 Roman Turek
50%
2021 Šimon Hrubec
50%
2014 Alexander Salák
0%
2019 Patrik Bartošák
0%
No matching quizzes found
Score Distribution
Percent of People with Each Score
Percentile by Number Answered
Your Score History
You have not taken this quiz